[Event "8th Vellmar Chess Days"]
[Site "chess24.com"]
[Date "2016.07.30"]
[Round "5"]
[White "Bethke, Richard"]
[Black "Krausse, Eckhard"]
[Result "1-0"]
[Board "26"]
[WhiteElo "1800"]
[WhiteCountry "GER"]
[WhiteFideId "12959243"]
[WhiteEloChange "16"]
[BlackElo "2030"]
[BlackCountry "GER"]
[BlackFideId "4638174"]
[BlackEloChange "-16"]

1. e4 {[%clk 1:30:55]} c5 {[%clk 1:29:43]} 2. Nf3 {[%clk 1:30:41]} d6 {[%clk
1:29:36]} 3. d4 {[%clk 1:30:46]} cxd4 {[%clk 1:29:49]} 4. Nxd4 {[%clk 1:30:50]}
Nf6 {[%clk 1:29:59]} 5. Nc3 {[%clk 1:31:08]} g6 {[%clk 1:30:16]} 6. f4 {[%clk
1:30:58]} Bg4 {[%clk 1:25:07]} 7. Be2 {[%clk 1:31:00]} Bxe2 {[%clk 1:25:03]} 8.
Qxe2 {[%clk 1:31:12]} Nc6 {[%clk 1:24:27]} 9. Nf3 {[%clk 1:31:03]} Bg7 {[%clk
1:19:20]} 10. O-O {[%clk 1:30:16]} O-O {[%clk 1:05:52]} 11. Kh1 {[%clk 1:30:15]}
e6 {[%clk 0:55:18]} 12. f5 {[%clk 1:29:38]} exf5 {[%clk 0:54:30]} 13. exf5 {[%clk
1:30:00]} Qa5 {[%clk 0:51:48]} 14. fxg6 {[%clk 1:29:58]} hxg6 {[%clk 0:52:06]}
15. Bf4 {[%clk 1:29:08]} Qb4 {[%clk 0:44:35]} 16. Qd2 {[%clk 1:26:13]} d5 {[%clk
0:38:38]} 17. a3 {[%clk 1:23:07]} Qc4 {[%clk 0:34:47]} 18. Bh6 {[%clk 1:14:16]}
d4 {[%clk 0:30:21]} 19. Bxg7 {[%clk 1:14:26]} Kxg7 {[%clk 0:30:23]} 20. Ne2
{[%clk 1:12:24]} Rad8 {[%clk 0:28:18]} 21. Ng3 {[%clk 1:10:34]} Qd5 {[%clk
0:26:27]} 22. Nh4 {[%clk 1:05:45]} Rh8 {[%clk 0:23:11]} 23. Ngf5+ {[%clk
1:03:50]} Kf8 {[%clk 0:19:26]} 24. Qg5 {[%clk 1:03:23]} gxf5 {[%clk 0:16:33]} 25.
Qxf6 {[%clk 1:03:11]} Rg8 {[%clk 0:15:00]} 26. Rxf5 {[%clk 1:01:53]} Rd6 {[%clk
0:14:49]} 27. Ng6+ {[%clk 1:01:00]} Rxg6 {[%clk 0:15:05]} 28. Qh8+ {[%clk
1:01:15]} Rg8 {[%clk 0:15:01]} 29. Rxd5 {[%clk 1:01:34]} 1-0

[Event "8th Vellmar Chess Days"]
[Site "chess24.com"]
[Date "2016.07.30"]
[Round "5"]
[White "Luebeck, Stephan, Dr."]
[Black "Freier, Werner, Dr."]
[Result "1-0"]
[Board "27"]
[WhiteElo "2009"]
[WhiteCountry "GER"]
[WhiteFideId "12945269"]
[WhiteEloChange "7"]
[BlackElo "1886"]
[BlackCountry "GER"]
[BlackFideId "12932558"]
[BlackEloChange "-7"]

1. d4 {[%clk 1:30:56]} Nf6 {[%clk 1:30:02]} 2. Nf3 {[%clk 1:31:21]} e6 {[%clk
1:29:16]} 3. Bg5 {[%clk 1:31:45]} d5 {[%clk 1:28:30]} 4. e3 {[%clk 1:32:10]} c5
{[%clk 1:28:12]} 5. c3 {[%clk 1:32:35]} Nbd7 {[%clk 1:25:22]} 6. Nbd2 {[%clk
1:32:58]} Be7 {[%clk 1:21:14]} 7. Bd3 {[%clk 1:33:22]} b6 {[%clk 1:17:49]} 8. O-O
{[%clk 1:33:45]} Bb7 {[%clk 1:18:00]} 9. Ne5 {[%clk 1:33:54]} Ne4 {[%clk
1:13:41]} 10. Bxe7 {[%clk 1:34:03]} Qxe7 {[%clk 1:13:58]} 11. Nxe4 {[%clk
1:33:40]} dxe4 {[%clk 1:14:22]} 12. Bb5 {[%clk 1:33:53]} Bc8 {[%clk 1:09:57]} 13.
Bc6 {[%clk 1:28:51]} Rb8 {[%clk 1:10:06]} 14. Bxe4 {[%clk 1:25:38]} Nxe5 {[%clk
1:07:57]} 15. dxe5 {[%clk 1:25:59]} O-O {[%clk 1:06:03]} 16. Qc2 {[%clk 1:25:34]}
g6 {[%clk 1:05:13]} 17. Rad1 {[%clk 1:21:01]} Ba6 {[%clk 1:03:01]} 18. Rfe1
{[%clk 1:17:52]} Rfd8 {[%clk 1:02:17]} 19. Qa4 {[%clk 1:10:08]} Bc8 {[%clk
1:00:00]} 20. Rxd8+ {[%clk 1:09:29]} Qxd8 {[%clk 0:59:27]} 21. Rd1 {[%clk
1:06:28]} Qe7 {[%clk 0:58:25]} 22. Rd6 {[%clk 0:59:00]} Kg7 {[%clk 0:51:42]} 23.
Qd1 {[%clk 0:55:10]} Qc7 {[%clk 0:51:32]} 24. Qf3 {[%clk 0:45:35]} Bb7 {[%clk
0:42:24]} 25. Bxb7 {[%clk 0:40:29]} Qxb7 {[%clk 0:42:38]} 26. e4 {[%clk 0:36:44]}
Qe7 {[%clk 0:39:45]} 27. Qg3 {[%clk 0:34:31]} c4 {[%clk 0:29:31]} 28. Qe3 {[%clk
0:26:45]} Rc8 {[%clk 0:28:16]} 29. f4 {[%clk 0:26:24]} Rc5 {[%clk 0:27:50]} 30.
Qd2 {[%clk 0:24:22]} Qb7 {[%clk 0:25:17]} 31. Qd4 {[%clk 0:24:13]} Qa6 {[%clk
0:22:39]} 32. Qxc5 {[%clk 0:19:53]} 1-0

[Event "8th Vellmar Chess Days"]
[Site "chess24.com"]
[Date "2016.07.30"]
[Round "5"]
[White "Maar, Samuel"]
[Black "Langjahr, Marius"]
[Result "0-1"]
[Board "28"]
[WhiteElo "1998"]
[WhiteCountry "GER"]
[WhiteFideId "12952591"]
[WhiteEloChange "-15"]
[BlackElo "1812"]
[BlackCountry "GER"]
[BlackFideId "12974625"]
[BlackEloChange "15"]

1. e4 {[%clk 1:30:57]} e6 {[%clk 1:30:52]} 2. d4 {[%clk 1:31:20]} d5 {[%clk
1:31:12]} 3. Nd2 {[%clk 1:31:44]} Nf6 {[%clk 1:31:36]} 4. e5 {[%clk 1:32:08]}
Nfd7 {[%clk 1:31:59]} 5. c3 {[%clk 1:32:26]} c5 {[%clk 1:32:24]} 6. Bd3 {[%clk
1:32:50]} Nc6 {[%clk 1:32:48]} 7. Ne2 {[%clk 1:33:11]} cxd4 {[%clk 1:33:06]} 8.
cxd4 {[%clk 1:33:34]} f6 {[%clk 1:33:32]} 9. exf6 {[%clk 1:15:18]} Nxf6 {[%clk
1:33:46]} 10. O-O {[%clk 1:15:06]} Bd6 {[%clk 1:30:53]} 11. Nf3 {[%clk 1:15:15]}
O-O {[%clk 1:26:01]} 12. Bg5 {[%clk 1:13:19]} Qc7 {[%clk 1:20:45]} 13. Bh4 {[%clk
1:12:38]} Nh5 {[%clk 1:17:22]} 14. Nc3 {[%clk 1:07:57]} a6 {[%clk 1:13:08]} 15.
Re1 {[%clk 0:40:34]} g6 {[%clk 1:01:43]} 16. Rc1 {[%clk 0:29:25]} Qg7 {[%clk
0:58:03]} 17. Ng5 {[%clk 0:22:08]} Qxd4 {[%clk 0:48:38]} 18. Nxh7 {[%clk
0:15:31]} Qxh4 {[%clk 0:41:09]} 19. g3 {[%clk 0:14:05]} Nxg3 {[%clk 0:40:58]} 20.
Nxf8 {[%clk 0:12:27]} Ne2+ {[%clk 0:36:04]} 21. Kf1 {[%clk 0:12:22]} Nxc1 {[%clk
0:34:45]} 22. Be4 {[%clk 0:06:27]} Qh3+ {[%clk 0:32:47]} 23. Bg2 {[%clk 0:06:49]}
Qd3+ {[%clk 0:33:11]} 24. Kg1 {[%clk 0:04:25]} Qxd1 {[%clk 0:33:39]} 25. Rxd1
{[%clk 0:04:49]} Kxf8 {[%clk 0:33:51]} 26. Rxc1 {[%clk 0:04:52]} Bd7 {[%clk
0:32:31]} 27. Rd1 {[%clk 0:05:03]} Ne7 {[%clk 0:30:12]} 28. Bh3 {[%clk 0:04:56]}
Nf5 {[%clk 0:29:57]} 29. Ne2 {[%clk 0:04:23]} Be5 {[%clk 0:29:25]} 30. Bg4 {[%clk
0:03:16]} Bb5 {[%clk 0:28:10]} 31. Ng3 {[%clk 0:02:18]} Bxg3 {[%clk 0:28:13]} 32.
hxg3 {[%clk 0:02:38]} Ke7 {[%clk 0:26:31]} 33. a3 {[%clk 0:02:33]} Rc8 {[%clk
0:26:44]} 34. Rd2 {[%clk 0:02:34]} Ba4 {[%clk 0:26:22]} 35. Rd3 {[%clk 0:01:57]}
Rc1+ {[%clk 0:25:37]} 36. Kg2 {[%clk 0:02:21]} Bc2 {[%clk 0:25:22]} 37. Rd2
{[%clk 0:01:58]} Be4+ {[%clk 0:25:40]} 38. Bf3 {[%clk 0:02:24]} Nd6 {[%clk
0:25:26]} 39. Re2 {[%clk 0:01:43]} Rc2 {[%clk 0:24:54]} 40. Rxc2 {[%clk 0:01:42]}
Bxc2 {[%clk 0:25:22]} 41. Kh3 {[%clk 0:01:29]} Nc4 {[%clk 0:25:34]} 42. Kh4
{[%clk 0:29:25]} Kf6 {[%clk 0:56:28]} 43. g4 {[%clk 0:29:19]} Nxb2 {[%clk
0:56:45]} 44. g5+ {[%clk 0:29:23]} Ke5 {[%clk 0:57:02]} 45. Be2 {[%clk 0:29:00]}
Nc4 {[%clk 0:57:25]} 46. Kg4 {[%clk 0:29:07]} Bf5+ {[%clk 0:57:36]} 47. Kh4
{[%clk 0:29:18]} Kf4 {[%clk 0:57:00]} 48. a4 {[%clk 0:29:04]} Ne5 {[%clk
0:56:24]} 49. a5 {[%clk 0:29:14]} Bd3 {[%clk 0:56:49]} 50. Bxd3 {[%clk 0:28:19]}
Nxd3 {[%clk 0:57:18]} 51. f3 {[%clk 0:28:33]} Ne5 {[%clk 0:57:29]} 52. Kh3 {[%clk
0:28:48]} Nxf3 {[%clk 0:57:48]} 53. Kg2 {[%clk 0:29:07]} Nxg5 {[%clk 0:58:14]}
54. Kh2 {[%clk 0:28:56]} d4 {[%clk 0:58:31]} 0-1

[Event "8th Vellmar Chess Days"]
[Site "chess24.com"]
[Date "2016.07.30"]
[Round "5"]
[White "Hansult, Manfred"]
[Black "Schnegelsberg, Karl-Heinz"]
[Result "1/2-1/2"]
[Board "29"]
[WhiteElo "1886"]
[WhiteCountry "GER"]
[WhiteFideId "4677030"]
[WhiteEloChange "3"]
[BlackElo "1990"]
[BlackCountry "GER"]
[BlackFideId "4653335"]
[BlackEloChange "-3"]

1. d4 {[%clk 1:28:43]} Nf6 {[%clk 1:30:56]} 2. Nf3 {[%clk 1:28:39]} g6 {[%clk
1:31:16]} 3. Bg5 {[%clk 1:28:41]} Bg7 {[%clk 1:31:30]} 4. Nbd2 {[%clk 1:28:36]}
d5 {[%clk 1:31:37]} 5. e3 {[%clk 1:28:10]} O-O {[%clk 1:31:45]} 6. Bd3 {[%clk
1:27:56]} c5 {[%clk 1:30:09]} 7. c3 {[%clk 1:27:12]} b6 {[%clk 1:30:24]} 8. O-O
{[%clk 1:25:49]} Nc6 {[%clk 1:28:45]} 9. a4 {[%clk 1:20:22]} a6 {[%clk 1:24:34]}
10. Qb1 {[%clk 1:14:05]} Ra7 {[%clk 1:11:39]} 11. b4 {[%clk 1:01:58]} Nd7 {[%clk
1:05:34]} 12. bxc5 {[%clk 0:51:05]} bxc5 {[%clk 1:05:16]} 13. Ra3 {[%clk
0:35:32]} Qe8 {[%clk 0:45:56]} 14. Rc1 {[%clk 0:27:52]} e5 {[%clk 0:44:21]} 15.
dxe5 {[%clk 0:22:00]} Ndxe5 {[%clk 0:44:14]} 16. Bf1 {[%clk 0:13:40]} Bf5 {[%clk
0:37:32]} 17. Qb6 {[%clk 0:11:05]} c4 {[%clk 0:29:07]} 18. Nxe5 {[%clk 0:09:52]}
Bxe5 {[%clk 0:28:49]} 19. Bh6 {[%clk 0:08:50]} Bg7 {[%clk 0:22:02]} 20. Bxg7
{[%clk 0:09:08]} Kxg7 {[%clk 0:22:01]} 21. Nf3 {[%clk 0:07:35]} Qe7 {[%clk
0:21:07]} 22. Raa1 {[%clk 0:07:34]} Rc8 {[%clk 0:16:24]} 23. Nd4 {[%clk 0:06:33]}
Qd7 {[%clk 0:10:28]} 24. Nxc6 {[%clk 0:06:08]} Rxc6 {[%clk 0:10:33]} 25. Qd4+
{[%clk 0:06:23]} f6 {[%clk 0:10:17]} 26. Rd1 {[%clk 0:06:06]} Be6 {[%clk
0:08:17]} 27. Be2 {[%clk 0:06:21]} Rb7 {[%clk 0:06:53]} 28. Bf3 {[%clk 0:06:16]}
Rcb6 {[%clk 0:06:19]} 29. h3 {[%clk 0:06:06]} Rb3 {[%clk 0:06:17]} 30. g4 {[%clk
0:05:11]} h6 {[%clk 0:05:24]} 31. Kg2 {[%clk 0:05:34]} g5 {[%clk 0:04:37]} 32.
Rdc1 {[%clk 0:04:49]} Qc6 {[%clk 0:03:21]} 33. Rd1 {[%clk 0:04:36]} Rd7 {[%clk
0:03:12]} 34. Kg1 {[%clk 0:03:49]} Qb6 {[%clk 0:02:51]} 35. Qxb6 {[%clk 0:03:05]}
Rxb6 {[%clk 0:03:20]} 36. Rab1 {[%clk 0:03:23]} Rb3 {[%clk 0:02:56]} 37. Rbc1
{[%clk 0:01:14]} a5 {[%clk 0:02:36]} 38. e4 {[%clk 0:01:06]} d4 {[%clk 0:02:38]}
39. cxd4 {[%clk 0:01:27]} Rxf3 {[%clk 0:02:54]} 40. d5 {[%clk 0:01:50]} Bf7
{[%clk 0:01:49]} 41. Rxc4 {[%clk 0:02:07]} Rxh3 {[%clk 0:01:45]} 42. Rc5 {[%clk
0:29:53]} Bg6 {[%clk 0:30:28]} 43. Rd4 {[%clk 0:29:07]} h5 {[%clk 0:27:21]} 44.
Rxa5 {[%clk 0:26:47]} hxg4 {[%clk 0:27:13]} 45. Rc5 {[%clk 0:25:07]} Ra3 {[%clk
0:22:54]} 46. a5 {[%clk 0:23:20]} Kf7 {[%clk 0:16:09]} 47. Kg2 {[%clk 0:19:47]}
Ke7 {[%clk 0:15:44]} 48. Rdc4 {[%clk 0:17:21]} Bf7 {[%clk 0:15:08]} 49. Rd4
{[%clk 0:15:16]} Kd6 {[%clk 0:12:02]} 50. Rb5 {[%clk 0:13:04]} Ke5 {[%clk
0:11:45]} 51. Rdb4 {[%clk 0:12:20]} Rd6 {[%clk 0:11:29]} 52. Rb7 {[%clk 0:12:01]}
Bxd5 {[%clk 0:08:09]} 53. exd5 {[%clk 0:09:16]} Rxa5 {[%clk 0:08:14]} 54. Rxg4
{[%clk 0:08:17]} Raxd5 {[%clk 0:07:40]} 55. Rg3 {[%clk 0:07:23]} Rd3 {[%clk
0:06:37]} 56. Re7+ {[%clk 0:06:21]} Kf5 {[%clk 0:07:02]} 57. Ree3 {[%clk
0:06:09]} Rxe3 {[%clk 0:07:04]} 58. Rxe3 {[%clk 0:06:31]} g4 {[%clk 0:06:40]} 59.
Rb3 {[%clk 0:06:30]} Kg5 {[%clk 0:06:49]} 60. Rb5+ {[%clk 0:06:29]} f5 {[%clk
0:07:01]} 61. Ra5 {[%clk 0:06:34]} Rd3 {[%clk 0:06:47]} 62. Rb5 {[%clk 0:06:41]}
Kf4 {[%clk 0:06:34]} 63. Rb4+ {[%clk 0:06:54]} Ke5 {[%clk 0:06:55]} 64. Rb5+
{[%clk 0:07:06]} Kf6 {[%clk 0:05:18]} 65. Rb6+ {[%clk 0:07:23]} Kg5 {[%clk
0:05:26]} 66. Rb5 {[%clk 0:07:46]} Rf3 {[%clk 0:05:30]} 67. Ra5 {[%clk 0:07:09]}
Rh3 {[%clk 0:03:52]} 68. Rb5 {[%clk 0:07:11]} Rh7 {[%clk 0:03:44]} 69. Ra5 {[%clk
0:07:26]} Rf7 {[%clk 0:03:45]} 70. Kg3 {[%clk 0:06:53]} Rd7 {[%clk 0:03:20]} 71.
Kg2 {[%clk 0:07:05]} Rd4 {[%clk 0:03:42]} 72. Kg3 {[%clk 0:06:53]} Rf4 {[%clk
0:03:08]} 73. Rb5 {[%clk 0:06:13]} Rf3+ {[%clk 0:03:22]} 74. Kg2 {[%clk 0:06:34]}
Kh4 {[%clk 0:03:36]} 75. Rb8 {[%clk 0:06:11]} Rd3 {[%clk 0:03:39]} 76. Rb4 {[%clk
0:04:38]} Rd5 {[%clk 0:03:53]} 77. Ra4 {[%clk 0:04:20]} Kg5 {[%clk 0:04:16]} 78.
Rb4 {[%clk 0:04:09]} f4 {[%clk 0:04:30]} 79. Rb8 {[%clk 0:04:24]} Rd6 {[%clk
0:04:16]} 80. Rg8+ {[%clk 0:04:14]} Rg6 {[%clk 0:04:10]} 81. Rf8 {[%clk 0:04:34]}
Rh6 {[%clk 0:03:54]} 82. Rg8+ {[%clk 0:04:44]} Kh4 {[%clk 0:03:46]} 83. f3 {[%clk
0:03:46]} gxf3+ {[%clk 0:02:35]} 84. Kxf3 {[%clk 0:03:46]} 1/2-1/2

[Event "8th Vellmar Chess Days"]
[Site "chess24.com"]
[Date "2016.07.30"]
[Round "5"]
[White "Modric, Vladimir"]
[Black "Flach, Helene"]
[Result "1-0"]
[Board "30"]
[WhiteElo "1986"]
[WhiteCountry "GER"]
[WhiteFideId "24628654"]
[WhiteEloChange "3"]
[BlackElo "1712"]
[BlackCountry "GER"]
[BlackFideId "12929735"]
[BlackEloChange "-3"]

1. Nf3 {[%clk 1:30:55]} d5 {[%clk 1:30:53]} 2. c4 {[%clk 1:31:16]} e6 {[%clk
1:31:16]} 3. b3 {[%clk 1:31:32]} Nf6 {[%clk 1:31:35]} 4. g3 {[%clk 1:31:29]} c5
{[%clk 1:30:49]} 5. e3 {[%clk 1:30:16]} Nc6 {[%clk 1:31:08]} 6. Bb2 {[%clk
1:28:52]} Be7 {[%clk 1:30:42]} 7. Bg2 {[%clk 1:29:10]} O-O {[%clk 1:30:40]} 8.
O-O {[%clk 1:29:19]} Qc7 {[%clk 1:28:51]} 9. Nc3 {[%clk 1:26:30]} a6 {[%clk
1:27:25]} 10. Qe2 {[%clk 1:20:14]} Rd8 {[%clk 1:24:50]} 11. d4 {[%clk 1:16:35]}
Rb8 {[%clk 1:16:45]} 12. Rfd1 {[%clk 1:14:52]} b6 {[%clk 1:03:00]} 13. Rac1
{[%clk 1:14:03]} Bb7 {[%clk 0:59:21]} 14. cxd5 {[%clk 1:10:00]} exd5 {[%clk
0:58:32]} 15. dxc5 {[%clk 1:07:26]} bxc5 {[%clk 0:58:02]} 16. Na4 {[%clk
1:05:40]} Nd7 {[%clk 0:53:40]} 17. Ne1 {[%clk 0:41:57]} Nce5 {[%clk 0:39:26]} 18.
Bxd5 {[%clk 0:40:06]} Nf6 {[%clk 0:35:26]} 19. Bxb7 {[%clk 0:37:30]} Rxd1 {[%clk
0:35:06]} 20. Rxd1 {[%clk 0:37:23]} Rxb7 {[%clk 0:35:12]} 21. Qxa6 {[%clk
0:36:36]} c4 {[%clk 0:34:10]} 22. Bxe5 {[%clk 0:35:37]} 1-0

[Event "8th Vellmar Chess Days"]
[Site "chess24.com"]
[Date "2016.07.30"]
[Round "5"]
[White "Pubantz, Jan"]
[Black "Knoth, Eugen"]
[Result "1-0"]
[Board "31"]
[WhiteElo "1723"]
[WhiteCountry "GER"]
[WhiteFideId "12996114"]
[WhiteEloChange "16"]
[BlackElo "1980"]
[BlackCountry "GER"]
[BlackFideId "4650395"]
[BlackEloChange "-16"]

1. d4 {[%clk 1:30:58]} Nf6 {[%clk 1:30:53]} 2. c4 {[%clk 1:31:21]} e5 {[%clk
1:31:14]} 3. dxe5 {[%clk 1:31:43]} Ne4 {[%clk 1:31:39]} 4. a3 {[%clk 1:31:10]} d6
{[%clk 1:31:10]} 5. Nf3 {[%clk 1:31:32]} Nc6 {[%clk 1:31:27]} 6. Qc2 {[%clk
1:31:35]} d5 {[%clk 1:26:07]} 7. e3 {[%clk 1:28:01]} g6 {[%clk 1:17:26]} 8. cxd5
{[%clk 1:09:11]} Qxd5 {[%clk 1:16:06]} 9. Bc4 {[%clk 1:09:19]} Qa5+ {[%clk
1:11:40]} 10. b4 {[%clk 1:07:42]} Bxb4+ {[%clk 1:11:51]} 11. axb4 {[%clk
1:07:26]} Qxb4+ {[%clk 1:08:24]} 12. Nbd2 {[%clk 0:57:25]} Bf5 {[%clk 1:08:02]}
13. Qb3 {[%clk 0:50:18]} O-O {[%clk 1:03:34]} 14. O-O {[%clk 0:47:12]} Qxb3
{[%clk 1:03:09]} 15. Nxb3 {[%clk 0:46:49]} Nc3 {[%clk 0:56:25]} 16. Bb2 {[%clk
0:42:44]} b5 {[%clk 0:56:51]} 17. Bxf7+ {[%clk 0:42:49]} Rxf7 {[%clk 0:57:16]}
18. Bxc3 {[%clk 0:43:08]} b4 {[%clk 0:56:50]} 19. Nfd4 {[%clk 0:33:22]} Nxd4
{[%clk 0:50:47]} 20. Bxd4 {[%clk 0:33:41]} Bc2 {[%clk 0:50:52]} 21. Na5 {[%clk
0:27:51]} b3 {[%clk 0:50:58]} 22. Nc6 {[%clk 0:24:51]} a5 {[%clk 0:50:42]} 23.
Nxa5 {[%clk 0:21:48]} c5 {[%clk 0:50:54]} 24. Bc3 {[%clk 0:21:31]} Rc7 {[%clk
0:48:01]} 25. Nxb3 {[%clk 0:19:17]} Rxa1 {[%clk 0:44:30]} 26. Nxa1 {[%clk
0:19:37]} Bd3 {[%clk 0:44:49]} 27. Rc1 {[%clk 0:19:27]} c4 {[%clk 0:45:15]} 28.
Nc2 {[%clk 0:19:16]} Rb7 {[%clk 0:45:13]} 29. f4 {[%clk 0:19:23]} Kf7 {[%clk
0:45:11]} 30. Nb4 {[%clk 0:18:57]} Be4 {[%clk 0:44:44]} 31. Rd1 {[%clk 0:17:46]}
Ra7 {[%clk 0:42:02]} 32. Rd4 {[%clk 0:17:16]} Ra8 {[%clk 0:39:45]} 1-0

[Event "8th Vellmar Chess Days"]
[Site "chess24.com"]
[Date "2016.07.30"]
[Round "5"]
[White "Lesny, Florian"]
[Black "Reichenbaecher, Thomas"]
[Result "1/2-1/2"]
[Board "32"]
[WhiteElo "1853"]
[WhiteCountry "GER"]
[WhiteFideId "12973874"]
[WhiteEloChange "3"]
[BlackElo "1975"]
[BlackCountry "GER"]
[BlackFideId "4643402"]
[BlackEloChange "-3"]

1. e4 {[%clk 1:30:59]} c5 {[%clk 1:29:34]} 2. Nf3 {[%clk 1:31:21]} a6 {[%clk
1:29:55]} 3. c3 {[%clk 1:31:32]} e6 {[%clk 1:30:13]} 4. d4 {[%clk 1:31:30]} d5
{[%clk 1:30:35]} 5. e5 {[%clk 1:31:23]} Nc6 {[%clk 1:30:17]} 6. Be2 {[%clk
1:31:08]} Qc7 {[%clk 1:30:32]} 7. O-O {[%clk 1:29:59]} cxd4 {[%clk 1:29:53]} 8.
cxd4 {[%clk 1:30:05]} Nh6 {[%clk 1:30:17]} 9. a3 {[%clk 1:26:59]} Nf5 {[%clk
1:30:36]} 10. b4 {[%clk 1:26:48]} Be7 {[%clk 1:30:19]} 11. Bb2 {[%clk 1:25:35]}
O-O {[%clk 1:30:36]} 12. Nc3 {[%clk 1:23:58]} f6 {[%clk 1:30:01]} 13. Na4 {[%clk
1:18:06]} b5 {[%clk 1:25:09]} 14. Nc5 {[%clk 1:14:49]} Bxc5 {[%clk 1:25:03]} 15.
bxc5 {[%clk 1:14:26]} fxe5 {[%clk 1:25:08]} 16. dxe5 {[%clk 1:13:08]} Qe7 {[%clk
1:24:19]} 17. Rc1 {[%clk 1:10:41]} Bd7 {[%clk 1:20:48]} 18. Bd3 {[%clk 1:08:22]}
Rab8 {[%clk 1:07:31]} 19. Bxf5 {[%clk 1:04:36]} Rxf5 {[%clk 1:07:52]} 20. Nd4
{[%clk 1:04:25]} Nxd4 {[%clk 1:08:02]} 21. Qxd4 {[%clk 1:03:52]} Bc6 {[%clk
1:08:10]} 22. Rc3 {[%clk 0:58:36]} Rbf8 {[%clk 1:08:13]} 23. Bc1 {[%clk 0:57:26]}
Qd8 {[%clk 1:07:49]} 1/2-1/2

[Event "8th Vellmar Chess Days"]
[Site "chess24.com"]
[Date "2016.07.30"]
[Round "5"]
[White "Hering, Sven"]
[Black "Schellen, Sven"]
[Result "1/2-1/2"]
[Board "33"]
[WhiteElo "1968"]
[WhiteCountry "GER"]
[WhiteFideId "24605727"]
[WhiteEloChange "-4"]
[BlackElo "1801"]
[BlackCountry "GER"]
[BlackFideId "24674885"]
[BlackEloChange "4"]

1. e4 {[%clk 1:30:58]} e5 {[%clk 1:29:31]} 2. Nf3 {[%clk 1:31:16]} Nc6 {[%clk
1:29:57]} 3. d4 {[%clk 1:31:36]} exd4 {[%clk 1:30:21]} 4. Nxd4 {[%clk 1:31:58]}
Bb4+ {[%clk 1:30:47]} 5. c3 {[%clk 1:31:59]} Bc5 {[%clk 1:31:13]} 6. Be3 {[%clk
1:31:12]} Bb6 {[%clk 1:30:32]} 7. Qg4 {[%clk 1:31:27]} Qf6 {[%clk 1:30:50]} 8.
Qg3 {[%clk 1:31:35]} Qg6 {[%clk 1:31:16]} 9. Qf4 {[%clk 1:28:55]} d6 {[%clk
1:28:06]} 10. Nd2 {[%clk 1:21:41]} Nxd4 {[%clk 1:17:44]} 11. Bxd4 {[%clk
1:20:49]} Ne7 {[%clk 1:09:30]} 12. Nc4 {[%clk 1:13:20]} Bxd4 {[%clk 1:08:49]} 13.
cxd4 {[%clk 1:13:35]} d5 {[%clk 1:06:28]} 1/2-1/2

[Event "8th Vellmar Chess Days"]
[Site "chess24.com"]
[Date "2016.07.30"]
[Round "5"]
[White "Bajorski, Marius"]
[Black "Phunhon Lopez, Daniel Alejandro"]
[Result "1/2-1/2"]
[Board "34"]
[WhiteElo "1753"]
[WhiteCountry "GER"]
[WhiteFideId "12938831"]
[WhiteEloChange "5"]
[BlackElo "1958"]
[BlackCountry "GER"]
[BlackFideId "12952567"]
[BlackEloChange "-5"]

1. e4 {[%clk 1:31:00]} c5 {[%clk 1:28:23]} 2. Nf3 {[%clk 1:31:25]} e6 {[%clk
1:28:49]} 3. Nc3 {[%clk 1:31:50]} a6 {[%clk 1:29:15]} 4. g3 {[%clk 1:32:12]} b5
{[%clk 1:29:39]} 5. Bg2 {[%clk 1:32:07]} Bb7 {[%clk 1:30:05]} 6. d3 {[%clk
1:32:32]} Nc6 {[%clk 1:28:01]} 7. O-O {[%clk 1:31:30]} d6 {[%clk 1:27:40]} 8. h3
{[%clk 1:31:28]} Nf6 {[%clk 1:28:00]} 9. Nh2 {[%clk 1:29:23]} Be7 {[%clk
1:28:23]} 10. f4 {[%clk 1:29:13]} e5 {[%clk 1:20:16]} 11. f5 {[%clk 1:26:16]} Nd4
{[%clk 1:20:01]} 12. Re1 {[%clk 1:12:26]} Qc7 {[%clk 1:17:34]} 13. Bg5 {[%clk
0:58:05]} Rd8 {[%clk 1:14:04]} 14. Bxf6 {[%clk 0:55:33]} Bxf6 {[%clk 1:14:21]}
15. Ng4 {[%clk 0:51:38]} Qe7 {[%clk 1:10:17]} 16. Ne3 {[%clk 0:46:32]} Bg5 {[%clk
1:01:24]} 17. Ncd5 {[%clk 0:34:01]} Bxe3+ {[%clk 1:01:29]} 18. Nxe3 {[%clk
0:34:27]} b4 {[%clk 0:52:35]} 19. c3 {[%clk 0:30:07]} bxc3 {[%clk 0:52:43]} 20.
bxc3 {[%clk 0:30:31]} Nb5 {[%clk 0:53:05]} 21. Qb3 {[%clk 0:29:40]} O-O {[%clk
0:53:00]} 22. a4 {[%clk 0:27:15]} Na7 {[%clk 0:52:10]} 23. Ng4 {[%clk 0:27:37]}
Rb8 {[%clk 0:46:06]} 24. f6 {[%clk 0:24:39]} gxf6 {[%clk 0:46:08]} 25. Qd1 {[%clk
0:25:03]} Kh8 {[%clk 0:41:23]} 26. Rf1 {[%clk 0:24:47]} f5 {[%clk 0:40:45]} 27.
Rxf5 {[%clk 0:24:28]} Bc8 {[%clk 0:41:14]} 28. Rf2 {[%clk 0:24:17]} f5 {[%clk
0:40:31]} 29. Qf1 {[%clk 0:23:46]} Qg5 {[%clk 0:28:49]} 30. exf5 {[%clk 0:07:57]}
Rxf5 {[%clk 0:25:33]} 31. Nh2 {[%clk 0:04:39]} Bd7 {[%clk 0:17:51]} 32. h4 {[%clk
0:04:23]} Rxf2 {[%clk 0:14:49]} 33. Qxf2 {[%clk 0:04:22]} Qe7 {[%clk 0:14:40]}
34. Rf1 {[%clk 0:04:25]} Kg7 {[%clk 0:13:38]} 35. Bd5 {[%clk 0:04:37]} Rf8 {[%clk
0:12:56]} 36. Qxf8+ {[%clk 0:04:15]} Qxf8 {[%clk 0:13:25]} 37. Rxf8 {[%clk
0:04:35]} Kxf8 {[%clk 0:13:53]} 38. Be4 {[%clk 0:03:52]} Bxa4 {[%clk 0:10:43]}
39. Bxh7 {[%clk 0:03:53]} Bc2 {[%clk 0:11:07]} 40. Ng4 {[%clk 0:03:36]} c4 {[%clk
0:10:17]} 41. Ne3 {[%clk 0:02:36]} Bxd3 {[%clk 0:10:14]} 42. Bxd3 {[%clk
0:02:54]} cxd3 {[%clk 0:10:43]} 43. Kf1 {[%clk 0:03:16]} Nb5 {[%clk 0:07:19]} 44.
c4 {[%clk 0:02:49]} Nd4 {[%clk 0:07:31]} 45. Nd5 {[%clk 0:30:15]} a5 {[%clk
0:34:57]} 46. Ke1 {[%clk 0:29:42]} Nb3 {[%clk 0:28:10]} 47. Nc3 {[%clk 0:29:13]}
Kg7 {[%clk 0:27:02]} 48. g4 {[%clk 0:29:22]} Kg6 {[%clk 0:27:20]} 49. Kd1 {[%clk
0:29:05]} Nc5 {[%clk 0:27:34]} 50. Kd2 {[%clk 0:28:28]} a4 {[%clk 0:26:13]} 51.
Nxa4 {[%clk 0:25:05]} Nxa4 {[%clk 0:26:37]} 52. Kxd3 {[%clk 0:25:31]} Nb2+ {[%clk
0:26:41]} 53. Kc3 {[%clk 0:25:40]} Nd1+ {[%clk 0:26:34]} 54. Kd2 {[%clk 0:25:47]}
Nf2 {[%clk 0:26:52]} 55. g5 {[%clk 0:26:15]} Ne4+ {[%clk 0:24:16]} 56. Ke3 {[%clk
0:26:03]} Ng3 {[%clk 0:24:41]} 57. Kf3 {[%clk 0:26:04]} Nf5 {[%clk 0:25:02]} 58.
Ke4 {[%clk 0:26:15]} Nxh4 {[%clk 0:22:22]} 59. c5 {[%clk 0:26:37]} dxc5 {[%clk
0:01:21]} 60. Kxe5 {[%clk 0:26:42]} 1/2-1/2